| 000 | 00821nam a2200205Ii 4500 | ||
|---|---|---|---|
| 003 | JO-AjNU | ||
| 008 | 230605s9999||||xx |||||||||||||| ||und|| | ||
| 040 |
_aJO-AjNU _bara _erda _cJO-AjNU |
||
| 041 | _aara | ||
| 050 | 1 | 4 | _aBP144.A4788 2013 |
| 100 | 3 |
_aالقضاة، أحمد مصطفى, _eauthor _945006 |
|
| 245 | 0 | 0 | _aأحكام المعوقين في الشريعة الإسلامية (أحكام العميان) |
| 250 | _aط1 | ||
| 264 | 3 | 1 | _aعمان: دار السواقي العلمية للنشر، 2013 |
| 300 | _a370ص | ||
| 336 |
_atext _btxt _2rdacontent |
||
| 337 |
_aunmediated _bn _2rdamedia |
||
| 338 |
_avolume _bnc _2rdacarrier |
||
| 650 | 4 |
_aالمعوقون- فقه اسلامي- المعوقون- احوال اجتماعية- المكفوفون- رعاية- الاحكام الشرعية _945007 |
|
| 999 |
_aA19478 _c23046 _d23046 |
||